Statistics for Lady GaGa Singles

Click here to take the quiz!

General Stats

  • This quiz has been taken 1,290 times
    (32 since last reset)
  • The average score is 17 of 29

Answer Stats

AlbumSong NameFeatured artist% Correct
Born This WayBorn This Way
97%
The Fame MonsterTelephoneBeyoncé
97%
The FameJust DanceColby O'Donis
93%
The FamePoker Face
90%
The Fame MonsterBad Romance
86%
The Fame MonsterAlejandro
79%
The FamePaparazzi
79%
ChromaticaRain on Mewith Ariana Grande
79%
A Star Is BornShallowwith Bradley Cooper
76%
ArtpopApplause
72%
Born This WayJudas
72%
ArtpopG.U.Y.
66%
Born This WayThe Edge of Glory
66%
Chromatica911
62%
JoanneMillion Reasons
62%
Born This WayMarry the Night
59%
JoannePerfect Illusion
59%
ChromaticaStupid Love
59%
Top Gun: MaverickHold My Hand
55%
The FameLoveGame
55%
A Star Is BornAlways Remember Us This Way
52%
Born This WayYoü and I
52%
ArtpopDo What U WantR. Kelly
41%
A Star Is BornI'll Never Love Againone version with Cooper
31%
The Hunting Ground OSTTil It Happens to You
28%
Love for SaleI Get a Kick out of Youwith Tony Bennett
24%
The Cure
24%
Cheek to CheekI Can't Give You Anything but Lovewith Tony Bennett
14%
RevampYour Song
14%

Score Distribution

Percentile by Number Answered

Percent of People with Each Score

Your Score History

You have not taken this quiz since the last reset